header

Landscape history discoveries in the North West : (Record no. 78462)

MARC details
000 -LEADER
fixed length control field 02332nam a2200433 i 4500
001 - CONTROL NUMBER
control field ebr10818390
003 - CONTROL NUMBER IDENTIFIER
control field CaPaEBR
006 - FIXED-LENGTH DATA ELEMENTS--ADDITIONAL MATERIAL CHARACTERISTICS--GENERAL INFORMATION
fixed length control field m o d
007 - PHYSICAL DESCRIPTION FIXED FIELD--GENERAL INFORMATION
fixed length control field cr cn|||||||||
008 - FIXED-LENGTH DATA ELEMENTS--GENERAL INFORMATION
fixed length control field 131226s2012 enkabfo ob 001 0 eng d
020 ## - INTERNATIONAL STANDARD BOOK NUMBER
Cancelled/invalid ISBN 9781908258007
International Standard Book Number 9781908258557 (e-book)
040 ## - CATALOGING SOURCE
Original cataloging agency CaPaEBR
Language of cataloging eng
Description conventions rda
-- pn
Transcribing agency CaPaEBR
035 ## - SYSTEM CONTROL NUMBER
System control number (OCoLC)874812854
043 ## - GEOGRAPHIC AREA CODE
Geographic area code e-uk-en
-- e-uk-wl
050 14 - LIBRARY OF CONGRESS CALL NUMBER
Classification number DA714
Item number .L363 2012eb
082 04 - DEWEY DECIMAL CLASSIFICATION NUMBER
Classification number 942.9
Edition number 23
245 00 - TITLE STATEMENT
Title Landscape history discoveries in the North West :
Remainder of title proceedings of a conference sponsored by English heritage to celebrate the 25th anniversary of the Chester Society for landscape history, September 2011 /
Statement of responsibility, etc edited by Sharon M. Varey and Graeme J. White ; with an introduction by Dai Morgan Evans.
264 #1 - PRODUCTION, PUBLICATION, DISTRIBUTION, MANUFACTURE, AND COPYRIGHT NOTICE
Place of production, publication, distribution, manufacture Chester, [England] :
Name of producer, publisher, distributor, manufacturer University of Chester Press,
Date of production, publication, distribution, manufacture, or copyright notice 2012.
Date of production, publication, distribution, manufacture, or copyright notice �2012
300 ## - PHYSICAL DESCRIPTION
Extent 1 online resource (294 pages, color plates) :
Other physical details illustrations (some color), maps (some color), photographs
336 ## - CONTENT TYPE
Content type term text
Source rdacontent
337 ## - MEDIA TYPE
Media type term computer
Source rdamedia
338 ## - CARRIER TYPE
Carrier type term online resource
Source rdacarrier
504 ## - BIBLIOGRAPHY, ETC. NOTE
Bibliography, etc Includes bibliographical references at the end of each chapters and indexes.
588 ## - SOURCE OF DESCRIPTION NOTE
Source of description note Description based on online resource; title from PDF title page (ebrary, viewed December 26, 2013).
590 ## - LOCAL NOTE (RLIN)
Local note Electronic reproduction. Palo Alto, Calif. : ebrary, 2014. Available via World Wide Web. Access may be limited to ebrary affiliated libraries.
650 #0 - SUBJECT ADDED ENTRY--TOPICAL TERM
Topical term or geographic name as entry element Landscape archaeology
Geographic subdivision England, North West
Form subdivision Congresses.
Topical term or geographic name as entry element Landscape archaeology
Geographic subdivision Wales
Form subdivision Congresses.
651 #0 - SUBJECT ADDED ENTRY--GEOGRAPHIC NAME
Geographic name England, North West
General subdivision History
Form subdivision Congresses.
Geographic name Wales
General subdivision History
Form subdivision Congresses.
655 #0 - INDEX TERM--GENRE/FORM
Genre/form data or focus term Electronic books.
700 1# - ADDED ENTRY--PERSONAL NAME
Personal name Varey, Sharon M.
Personal name White, G. J.
Fuller form of name (Graeme J.)
Personal name Evans, Dai Morgan.
776 08 - ADDITIONAL PHYSICAL FORM ENTRY
Display text Print version:
Title Landscape history discoveries in the North West : proceedings of a conference sponsored by English heritage to celebrate the 25th anniversary of the Chester Society for landscape history, September 2011.
Place, publisher, and date of publication Chester, [England] : University of Chester Press, c2012
Physical description xvii, 272 pages
International Standard Book Number 9781908258007
797 2# - LOCAL ADDED ENTRY--CORPORATE NAME (RLIN)
Corporate name or jurisdiction name as entry element ebrary.
856 40 - ELECTRONIC LOCATION AND ACCESS
Uniform Resource Identifier <a href="http://site.ebrary.com/lib/rucke/Doc?id=10818390">http://site.ebrary.com/lib/rucke/Doc?id=10818390</a>
Public note An electronic book accessible through the World Wide Web; click to view

No items available.

© 2026 Rongo University
Contact us: librarian | system librarian | Rongo university